000 00985naa a2200277 c 4500
001 31993
003 ES-MaCES
005 20140409114525.0
008 000925n2000 sp l o000 | spa d
035 _aCES20000005319v
040 _aES-MaCES
_bspa
_cES-MaCES
100 1 _911083
_aDurán López, Federico
245 1 3 _aEl despido objetivo
_b: causas, forma y efectos : (en torno a los artículos 52 y 53)
_cFederico Durán López
650 4 _aderecho del trabajo
_927165
650 4 _areforma legislativa
_929892
650 4 _a1995
_930872
650 4 _a1980
_930860
650 4 _aEstatuto de los Trabajadores
_930784
650 4 _aEspaña
_926964
650 4 _adespido por causas objetivas
_931585
653 1 0 _aEmpleo
773 0 _tRevista española de Derecho del trabajo
_gn. 100-II (marzo - ag. 2000){10040 R. 037145}; 1089-1111
_w(ES-MaCES)25060
_932343
902 _aART Artículo de revista
942 _2CES
_cAR
_h2.1.
999 _c31993
_d31993